000 00689nam a22002297a 4500
003 KOHA_MİRAKIL
005 20260511123444.0
008 260507b tu ||||| |||| 00| 0 tur d
020 _a9754062978
040 _aTR-AnABB
_btur
_cTR-AnABB
041 _atur
082 _a398.22
_bBIN 1991
245 0 0 _aDede korku /
_chazırlayan Adnan Binyazar
250 _a1. basım
260 _aistanbul ;
_bCem Yayınevi,
_c1991
300 _a286 sayfa ;
_c20 cm
500 _aYazar tarafından Prof. Dr. Ruşen Keleş için imzalanmıştır.
650 0 4 _aHalk destanları
700 1 _aBinyazar, Adnan,
_ehazırlayan
_92644
900 _bCan ÇELIK
942 _2ddc
_cBK
999 _c10372
_d10372